US-Präsidenten A-Z - Statistiken

Allgemein
  • Dieses Quiz wurde 353 mal gespielt
  • Das Durchschnittsergebnis liegt bei 12 aus 18
Antwortstatistiken
Buchstabe Präsident % Korrekt
O Barack Obama
89%
T Donald Trump
89%
B Joe Biden
84%
L Abraham Lincoln
81%
C Bill Clinton
81%
K John F. Kennedy
79%
N Richard Nixon
74%
R Ronald Reagan
73%
E Dwight D. Eisenhower
68%
H Herbert Hoover
62%
J Lyndon B. Johnson
62%
F Gerald Ford
61%
W Woodrow Wilson
56%
G James A. Garfield
50%
A Chester A. Arthur
44%
V Martin Van Buren
44%
M William McKinley
34%
P Franklin Pierce
32%
Keine übereinstimmenden Quizze gefunden
Verteilung der Resultate
Anzahl Personen mit jedem Resultat
Perzentil nach korrekt beantworteten Fragen
Ihre Resultats-Entwicklung
Sie haben dieses Quiz noch nicht gespielt